000 00529nam a2200181Ia 4500
008 090122s9999 xx 000 0 und d
082 _b11436
100 _aशेवडे
_bसच्चिदानंद
245 _aमुक्तवेध
260 _bपारस
_c2006
300 _a183
501 _a"श्री. टिळक गिरीश, भेट"
600 _aशेवडे
630 _aमुक्तवेध
700 _aशेवडे
730 _aमुक्तवेध
942 _cBOOK
999 _c35513
_d35513